000 00318nam a22001337a 4500
008 181009b xxu||||| |||| 00| 0 eng d
020 _a9780801679223
041 _aeng
080 _23rd
_a610
100 _a4
101 _aSHM
245 _aTherapeutic Modalities in Sports Medicine
_cPrentice,W.E
942 _2udc
_cBK
999 _c49100
_d49100